How to Learn and Practice Science /

Gespeichert in:
Bibliographische Detailangaben
1. Verfasser: Prasanna, A. R. (Verfasst von)
Format: Buch
Sprache:Englisch
Veröffentlicht: Cham : Springer Nature Switzerland AG, 2022
Ausgabe:1. vydanie
Schlagworte:
Tags: Tag hinzufügen
Keine Tags, Fügen Sie das erste Tag hinzu!

MARC

LEADER 00000nam a22000003a 4500
001 0101527
003 SK-STU
005 20230425115233.4
007 ta
008 230425s ----xo-----e------000-0-----d
020 |a 978-3-031-14513-1 
040 |a STU  |b slo 
041 0 |a eng 
044 |a sz 
100 1 |a Prasanna, A. R.  |4 aut 
245 1 0 |a How to Learn and Practice Science /  |c aut. A. R Prasanna 
250 |a 1. vydanie 
260 |a Cham :  |b Springer Nature Switzerland AG,  |c 2022 
300 |a 134 s. 
650 0 7 |a vedecký výskum 
650 0 7 |a veda 
650 0 7 |a jazyk 
650 0 7 |a komunikácia vedecká 
650 0 7 |a experiment 
650 0 7 |a pozorovanie 
650 0 7 |a odborná prax 
650 0 7 |a metodológia vedeckej práce 
996 |b 284AU09625  |c A* 12987/U  |l AAKNST  |s P  |a 0  |w 0101527_0001 
996 |b 284AU09637  |c A* 12999/U  |l AAKNAR  |s A  |a 24  |w 0101527_0002 
996 |b 284AU09638  |c A* 13000/U  |l AAKNAR  |s A  |a 24  |w 0101527_0003